000 00656nam a2200229Ia 4500
003 OSt
005 20220925232106.0
006 a|||||r|||| 00| 0
007 ta
008 220923b |||||||| |||| 00| 0 eng d
037 _cGeneral Book
040 _aRTL
_cRTL
_beng
041 _2eng
_aeng
082 _aU22.73.N6, K9
100 _aWhite Gilbert F
_9134704
245 0 _aStrategies of American water management
260 _aMichigan
_bUniversity of Michigan Press
_c1969
300 _axii,155p. Bib p. 139-45
_ccm.
650 _aHydrology
942 _hU22.73.N6, K9
_cGB
_2CC
999 _c590279
_d590279